Normal view MARC view
  • Technology & Engineering / Electrical / Telecommunications

Entry Topical Term

Number of records used in: 4

001 - CONTROL NUMBER

  • control field: 216

003 - CONTROL NUMBER IDENTIFIER

  • control field: NUST

005 - DATE AND TIME OF LATEST TRANSACTION

  • control field: 20170509153603.0

008 - FIXED-LENGTH DATA ELEMENTS

  • fixed length control field: 170509|| aca||aabn | a|a d

040 ## - CATALOGING SOURCE

  • Original cataloging agency: NUST
  • Transcribing agency: NUST

150 ## - HEADING--TOPICAL TERM

  • Topical term or geographic name entry element: Technology & Engineering / Electrical / Telecommunications

670 ## - SOURCE DATA FOUND

  • Source citation: Work cat.: (NUST)24801: Rao Raja K.N 215, Satellite Communication Concepts and Applications, c2013
© 2023 Central Library, National University of Sciences and Technology. All Rights Reserved.